Legendary pokemon - Statistics

General Stats
  • This quiz has been taken 750 times
    740 since last reset
  • The average score is 35 of 50
Answer Stats
Answer % Correct
Articuno
94%
Mew
94%
Mewtwo
94%
Zapdos
94%
Moltres
93%
Groudon
85%
Ho Oh
85%
Entei
84%
Kyogre
84%
Lugia
84%
Rayquaza
84%
Dialga
83%
Palkia
83%
Suicune
82%
Raikou
79%
Regice
77%
Regirock
77%
Registeel
77%
Zekrom
76%
Giratina
75%
Arceus
74%
Celebi
73%
Reshiram
73%
Darkrai
68%
Regigigas
68%
Xerneas
68%
Latias
67%
Latios
67%
Yveltal
66%
Deoxys
65%
Kyurem
65%
Zygarde
65%
Jirachi
64%
Uxie
64%
Azelf
63%
Manaphy
61%
Mesprit
60%
Cobalion
58%
Heatran
58%
Cresselia
57%
Terrakion
57%
Virizion
56%
Landorus
55%
Tornadus
55%
Shaymin
54%
Thundurus
53%
Victini
53%
Keldeo
52%
Genesect
43%
Meloetta
41%
No matching quizzes found
Score Distribution
Percent of People with Each Score
Percentile by Number Answered
Your Score History
You have not taken this quiz since the last reset